Синтез солей диизотиурония и получение дитиоэфиров; Химия и химическая технология в XXI веке

Detaylı Bibliyografya
Parent link:Химия и химическая технология в XXI веке.— 2018.— [С. 196-197]
Yazar: Капустин А. А.
Müşterek Yazar: Алтайский государственный технический университет им. И. И. Ползунова (АлтГТУ)
Diğer Yazarlar: Чернова Н. П. (научный руководитель), Аносова Г. А.
Özet:Заглавие с экрана
Dil:Rusça
Baskı/Yayın Bilgisi: 2018
Seri Bilgileri:Химия и химическая технология органических веществ и материалов
Konular:
Online Erişim:http://earchive.tpu.ru/handle/11683/49670
Materyal Türü: Elektronik Kitap Bölümü
KOHA link:https://koha.lib.tpu.ru/cgi-bin/koha/opac-detail.pl?biblionumber=626836

MARC

LEADER 00000naa2a2200000 4500
001 626836
005 20231101133430.0
035 |a (RuTPU)RU\TPU\conf\26471 
035 |a RU\TPU\conf\26468 
090 |a 626836 
100 |a 20180803d2018 k y0rusy50 ca 
101 0 |a rus 
102 |a RU 
105 |a y z 101zy 
135 |a drgn ---uucaa 
181 0 |a i  
182 0 |a b 
200 1 |a Синтез солей диизотиурония и получение дитиоэфиров  |f А. А. Капустин  |g науч. рук. Н. П. Чернова, Г. А. Аносова 
203 |a Текст  |c электронный 
225 1 |a Химия и химическая технология органических веществ и материалов 
230 |a 1 компьютерный файл (pdf; 830 Kb) 
300 |a Заглавие с экрана 
320 |a [Библиогр.: с. 197 (4 назв.)] 
463 0 |0 (RuTPU)RU\TPU\conf\26227  |t Химия и химическая технология в XXI веке  |o материалы XIX Международной научно-практической конференции студентов и молодых ученых имени профессора Л. П. Кулёва, 21-24 мая 2018 г., г. Томск  |f Национальный исследовательский Томский политехнический университет  |v [С. 196-197]  |d 2018 
610 1 |a электронный ресурс 
610 1 |a синтез 
610 1 |a соли 
610 1 |a раковые заболевания 
610 1 |a антиоксидантная активность 
610 1 |a сорбенты 
610 1 |a хелатные комплексы 
700 1 |a Капустин  |b А. А. 
702 1 |a Чернова  |b Н. П.  |4 727 
702 1 |a Аносова  |b Г. А.  |4 727 
712 0 2 |a Алтайский государственный технический университет им. И. И. Ползунова (АлтГТУ)  |c (Барнаул)  |c (1992- )  |2 stltpush  |3 (RuTPU)RU\TPU\col\436 
801 2 |a RU  |b 63413507  |c 20180821  |g RCR 
856 4 |u http://earchive.tpu.ru/handle/11683/49670 
942 |c BK